<?xml version="1.0" encoding="UTF-8"?>
<record
    xmlns:xsi="http://www.w3.org/2001/XMLSchema-instance"
    xsi:schemaLocation="http://www.loc.gov/MARC21/slim http://www.loc.gov/standards/marcxml/schema/MARC21slim.xsd"
    xmlns="http://www.loc.gov/MARC21/slim">

  <leader>01364aab a2200229 i 4500</leader>
  <controlfield tag="001">768714001</controlfield>
  <controlfield tag="003">CO-MdFUSB</controlfield>
  <controlfield tag="005">20230111153904.0</controlfield>
  <controlfield tag="008">210918b        ck ||||| |||| 00| 0 spa d</controlfield>
  <datafield tag="022" ind1=" " ind2=" ">
    <subfield code="a">10149341</subfield>
  </datafield>
  <datafield tag="040" ind1=" " ind2=" ">
    <subfield code="b">spa</subfield>
    <subfield code="c">CO-MdFUSB</subfield>
    <subfield code="d">CO-MdFUSB</subfield>
  </datafield>
  <datafield tag="041" ind1=" " ind2=" ">
    <subfield code="a">spa</subfield>
  </datafield>
  <datafield tag="100" ind1="1" ind2=" ">
    <subfield code="a">Ram&#xED;rez de Aguilar, Elsa</subfield>
    <subfield code="e">autor</subfield>
  </datafield>
  <datafield tag="245" ind1=" " ind2="0">
    <subfield code="a">Teolog&#xED;a y cosmovisi&#xF3;n en la &#xE9;tica a la luz del caso de Friedrich Nietzsche</subfield>
    <subfield code="c">/ Elsa Ram&#xED;rez de Aguilar</subfield>
  </datafield>
  <datafield tag="300" ind1=" " ind2=" ">
    <subfield code="a">N&#xFA;mero 36 (Enero-junio, 2005), p&#xE1;ginas 11-23</subfield>
    <subfield code="c">; 23 cm</subfield>
  </datafield>
  <datafield tag="520" ind1=" " ind2=" ">
    <subfield code="a">La verdad b&#xED;blica debe transformar nuestra cosmovisi&#xF3;n y &#xE9;tica. Sin embargo, en realidad la cosmovisi&#xF3;n y la &#xE9;tica aun de los cristianos son formadas en gran parte por tradiciones y por un postmodernismo globalizado. Friedrich Nietzsche, padre del postmodernismo, formul&#xF3; su pensamiento en reacci&#xF3;n a filosof&#xED;as y teolog&#xED;as incapaces de cambiar la conducta de sus adeptos. Aunque los cristianos no podemos aceptar sus propuestas principales, debemos tomar su caso como un acicate a conocer la verdad de tal manera que nos transforme.  </subfield>
  </datafield>
  <datafield tag="650" ind1=" " ind2="7">
    <subfield code="a">Filosof&#xED;a</subfield>
    <subfield code="9">7168</subfield>
  </datafield>
  <datafield tag="690" ind1=" " ind2=" ">
    <subfield code="a">&#xC9;tica cristiana</subfield>
  </datafield>
  <datafield tag="773" ind1="0" ind2=" ">
    <subfield code="t">Kair&#xF3;s</subfield>
    <subfield code="0">49489</subfield>
    <subfield code="9">61224</subfield>
    <subfield code="g">N&#xFA;mero 36 (Enero-junio, 2005), p&#xE1;ginas 11-23</subfield>
    <subfield code="q">P&#xE1;ginas 11</subfield>
    <subfield code="o">R2147</subfield>
  </datafield>
  <datafield tag="773" ind1="0" ind2=" ">
    <subfield code="t">Kair&#xF3;s</subfield>
    <subfield code="0">49489</subfield>
    <subfield code="9">81321</subfield>
    <subfield code="g">N&#xFA;mero 36 (Enero-junio, 2005), p&#xE1;ginas 11-23</subfield>
    <subfield code="q">P&#xE1;ginas 11</subfield>
  </datafield>
  <datafield tag="942" ind1=" " ind2=" ">
    <subfield code="c">ANA</subfield>
  </datafield>
  <datafield tag="999" ind1=" " ind2=" ">
    <subfield code="c">61431</subfield>
    <subfield code="d">61431</subfield>
  </datafield>
</record>
